000 00626nam a2200181 a 4500
001 000042866
005 20201002040446.0
008 140211s2002 sp 000 0 spa d
020 _a8403093063
040 _aDO-SdBNP
_bspa
_cBNPHU
082 _axxx
_bF529c
100 1 _aFischman, David
_970272
245 1 3 _aEl camino del líder :
_bsabiduría ancestral aplicada al liderazgo /
_cDavid Fischman ; prólogo Matko Koljatic Maroevic.
260 _aMadrid :
_bAguilar,
_c2002.
300 _a181 p. ;
_c22 cm.
500 _aIncluye datos biográficos del autor en la solapa
700 1 2 _aMaroevic, Koljatic Maroevic
_epról.
_970273
999 _c42355
_d42355